000 01660cad a22002295a 4500
001 L152344
008 110223s2011 xxk f 000 0 eng d
035 _a(Sirsi) u152344
041 0 _aeng
050 0 4 _a333.72 $2 18
110 2 _aWestminster Sustainable Business Forum
_95918
245 0 0 _aLeaner and greener
_bdelivering effective estate management
260 _aLondon
_bWestminster Sustainable Business Forum
_c2011
505 2 _aDrivers of sustainable asset management -- preparing for strategic asset management -- valuing sustainability -- co-operation with partners -- implementing solutions -- glossary of terms
520 _aAdvocates that local government can save money and improve services through managing their property assets efficiently, sustainably and in partnership with other public and voluntary sector organisations. Efficiency savings can be made by decreasing occupied space by 20-30%, by implementing low cost, flexible working practices and establishing central control over the management of its property assets. Increasing the sustainability can lead to potential savings of £180-200 per m² per year. Promotes partnership working between local councils and service delivery partners in the co-location of back office and front line services within common premises.
590 _aKA NTK
651 4 _aEngland
_y886-
690 _aBlock management
_96220
690 _aPROPERTY-PROPERTY DEVELOPMENT-SUSTAINABLE PROPERTY DEVELOPMENT
856 4 0 _uhttps://www.policyconnect.org.uk/wsbf/rationalising-local-government-sustainable-estate-management
_zView the report free of charge at www.policyconnect.org.uk
942 _n0
999 _c112009
_d112009